Online
Catalog

El Quijote oculto : (Record no. 11194)

MARC details
000 -CABECERA
campo de control de longitud fija 00851nam a2200217 a 4500
001 - NÚMERO DE CONTROL
campo de control 000011493
005 - FECHA Y HORA DE LA ÚLTIMA TRANSACCIÓN
campo de control 20200929162454.0
008 - DATOS DE LONGITUD FIJA--INFORMACIÓN GENERAL
campo de control de longitud fija 091019s1982 dr 000 e spa d
040 ## - FUENTE DE LA CATALOGACIÓN
Centro catalogador/agencia de origen DO-SdBNP
Lengua de catalogación spa
Centro/agencia transcriptor BNPHU
082 ## - NÚMERO DE LA CLASIFICACIÓN DECIMAL DEWEY
Número de clasificación RD864.44
Número de documento/Ítem L256q
049 ## - FONDOS LOCALES (OCLC)
Fondos de biblioteca BNPHU
100 1# - ENTRADA PRINCIPAL--NOMBRE DE PERSONA
Nombre de persona Landestoy Garrido, Pedro
9 (RLIN) 27211
245 13 - MENCIÓN DE TÍTULO
Título El Quijote oculto :
Resto del título (la cueva de Montesinos Develada) /
Mención de responsabilidad, etc. Pedro Landestoy Garrido, Pedro Landestoy Duluc; edición Enrique Eusebio; prólogo Rafael Robles Inocencio.
260 ## - PUBLICACIÓN, DISTRIBUCIÓN, ETC.
Lugar de publicación, distribución, etc. Santo Domingo :
Nombre del editor, distribuidor, etc. Alfa y Omega,
Fecha de publicación, distribución, etc. 1982.
300 ## - DESCRIPCIÓN FÍSICA
Extensión 374 p. ;
Dimensiones 20 cm.
500 ## - NOTA GENERAL
Nota general Incluye datos biográficos [p. 365-368]
600 #4 - PUNTO DE ACCESO ADICIONAL DE MATERIA--NOMBRE DE PERSONA
Nombre de persona CERVANTES SAAVEDRA, MIGUEL DE,
Fechas asociadas al nombre 1547-1616.
-- DON QUIJOTE
9 (RLIN) 13671
650 #4 - PUNTO DE ACCESO ADICIONAL DE MATERIA--TÉRMINO DE MATERIA
Término de materia o nombre geográfico como elemento de entrada Ocultimo en literatura
9 (RLIN) 27212
700 1# - PUNTO DE ACCESO ADICIONAL--NOMBRE DE PERSONA
Nombre de persona Eusebio, Enrique,
Término indicativo de función/relación ed.
9 (RLIN) 27213
700 1# - PUNTO DE ACCESO ADICIONAL--NOMBRE DE PERSONA
Nombre de persona Robles Inocencio, Rafael,
Término indicativo de función/relación pról.
9 (RLIN) 27214
Holdings
Estado de retiro Estado de pérdida Restricciones de uso No para préstamo Código de colección Localización permanente Ubicación/localización actual Ubicación en estantería Fecha de adquisición Número de inventario Total de préstamos Signatura topográfica completa Código de barras Fecha visto por última vez Número de copia Precio válido a partir de Tipo de ítem Koha
        Dominicana de Servicio General General Depósito 19.10.2009 LF1   RD864.44 L256q 11493-30 25.06.2020 e. 3 25.06.2020 Libro y Folleto Colección Dominicana de Servicio
        Dominicana de Servicio General General Depósito 12.05.2015 LF1   RD864.44 L256q 11493-40 25.06.2020 e. 4 25.06.2020 Libro y Folleto Colección Dominicana de Servicio
        Dominicana de Servicio General General Depósito 12.05.2015 LF1   RD864.44 L256q 11493-50 25.06.2020 e. 5 25.06.2020 Libro y Folleto Colección Dominicana de Servicio
      Excluido de préstamo Patrimonio Dominicano Patrimonio Dominicano Patrimonio Dominicano Depósito 19.10.2009 LF1   RD864.44 L256q 11493-10 25.06.2020   25.06.2020 Libro y Folleto Colección Patrimonio Dominicano
      Excluido de préstamo Patrimonio Dominicano Patrimonio Dominicano Patrimonio Dominicano Depósito 19.10.2009 LF1   RD864.44 L256q 11493-20 25.06.2020 e. 2 25.06.2020 Libro y Folleto Colección Patrimonio Dominicano

Powered by Koha